000 00570nam a2200205Ia 4500
005 20250508170016.0
008 008 250505s9999 xx 000 0 hin d
020 _a978-93-5072-701-0
037 _aTextual
040 _aFEDL
_beng
_cFEDL
041 _ahin
_2hin
084 _a305.42, AGG
_qFEDL
100 _aAggarwal Rohini
245 0 _aSahitya ki zameen aur stree- mun ke uchchhvas
260 _aNew Delhi, India
_bVani Prakashan
_c2014
300 _a229p.
365 _aINR
_b3995
942 _cTEXL
_h305.42, AGG
999 _c1398654
_d1398654